Технологии электронного обучения как основа организации современной магистратуры; Уровневая подготовка специалистов: государственные и международные стандарты инженерного образования

Dades bibliogràfiques
Parent link:Уровневая подготовка специалистов: государственные и международные стандарты инженерного образования.— 2011.— [С. 56-58]
Autor principal: Велединская С. Б. Светлана Борисовна
Autor corporatiu: Национальный исследовательский Томский политехнический университет (ТПУ)
Sumari:Заглавие с титульного листа
Idioma:rus
Publicat: 2011
Col·lecció:Магистерская подготовка: единство научного и образовательного процессов
Matèries:
Accés en línia:http://www.lib.tpu.ru/fulltext/c/2011/C09/028.pdf
Format: MixedMaterials Electrònic Capítol de llibre
KOHA link:https://koha.lib.tpu.ru/cgi-bin/koha/opac-detail.pl?biblionumber=231614

MARC

LEADER 00000nla2a2200000 4500
001 231614
005 20231031202908.0
035 |a (RuTPU)RU\TPU\book\252636 
035 |a RU\TPU\book\252619 
090 |a 231614 
100 |a 20130204d2011 k y0rusy50 ca 
101 0 |a rus 
102 |a RU 
105 |a y z 101zy 
135 |a drnn ---uucaa 
181 0 |a i  
182 0 |a b 
200 1 |a Технологии электронного обучения как основа организации современной магистратуры  |b Электронный ресурс  |f С. Б. Велединская 
203 |a Текст  |c электронный 
215 |a 1 файл (196 Кб) 
225 1 |a Магистерская подготовка: единство научного и образовательного процессов 
230 |a Электронные текстовые данные (1 файл : 196 Кб) 
300 |a Заглавие с титульного листа 
337 |a Adobe Reader 
463 1 |0 (RuTPU)RU\TPU\book\243018  |t Уровневая подготовка специалистов: государственные и международные стандарты инженерного образования  |o сборник трудов научно-методической конференции, 10-11 марта 2011 г., Томск  |f Национальный исследовательский Томский политехнический университет (ТПУ)  |v [С. 56-58]  |d 2011 
610 1 |a труды учёных ТПУ 
610 1 |a электронный ресурс 
610 1 |a образовательные ресурсы 
610 1 |a магистры 
610 1 |a электронное обучение 
700 1 |a Велединская  |b С. Б.  |c лингвист  |c доцент Томского политехнического университета, кандидат филологических наук  |f 1966-  |g Светлана Борисовна  |2 stltpush  |3 (RuTPU)RU\TPU\pers\24560 
712 0 2 |a Национальный исследовательский Томский политехнический университет (ТПУ)  |c (2009- )  |2 stltpush  |3 (RuTPU)RU\TPU\col\15902 
801 1 |a RU  |b 63413507  |c 20120830 
801 2 |a RU  |b 63413507  |c 20130207  |g RCR 
856 4 |u http://www.lib.tpu.ru/fulltext/c/2011/C09/028.pdf 
942 |c CF